000 00333nam a2200145Ia 4500
003 OSt
008 191201s2012 xx 000 0 und d
082 _a658.3
_bPRS
100 _aPRASAD, Kesho
245 0 _aStrategic Human Resource Development
260 _aNew Delhi
_bPHI
_c2012
300 _a408
650 _aMBA
942 _2ddc
_cBK
999 _c5150
_d5150